Statistics for Guess the Capital Cities (Very Easy)

Click here to take the quiz!

General Stats

  • This quiz has been taken 9 times
  • The average score is 11 of 15

Answer Stats

HintAnswer% Correct
FranceParis
100%
GermanyBerlin
88%
United KingdomLondon
75%
ItalyRome
75%
JapanTokyo
75%
USAWashington D.C.
75%
ThailandBangkok
63%
ChinaBeijing
63%
BrazilBrasilia
63%
ArgentinaBuenos Aires
63%
AustraliaCanberra
63%
SpainMadrid
63%
MexicoMexico city
63%
RussiaMoscow
63%
CanadaOttawa
63%

Score Distribution

Percentile by Number Answered

Percent of People with Each Score

Your Score History

You have not taken this quiz